000
00286nam a2200121 a 4500
008
100920s1980|||| d
245
1
0
_a
Barbari tiahnu Európou
100
1
_a
Enevoldová, Karen
020
_c
35
260
_b
Tatran
_a
Bratislava
_c
1980
044
_a
xo
_c
SK
041
_a
slo
999
_c
10534
_d
10534